000 00833nam a2200133Ia 4500
008 220620s9999||||xx |||||||||||||| ||und||
020 _a9783040000000
245 0 _aCoastal Morphology Assessment and Coastal Protection
546 _aEnglish[eng]
650 _acoastal dunes||barrier dynamics||overwash||coastal erosion||dune cannibalization||tsunami inundation simulation||topography change due to a huge tsunami||wall/pillar resistance against tsunami||CSG dike||cross-shore profile||sediment transport rates||semi-enclosed sea||sandy coast||dune development||gravel barrier beaches||storms||XBeach||morphodynamic change||bimodal spectrum||car and ship||container||driftwood||impact force||large tsunami||tsunami driftage||n/a
700 _aYamamoto, Yoshimichi
856 _uhttps://mdpi.com/books/pdfview/book/4536
942 _cEB
999 _c22274
_d22274